[Event "Flint (Class A/4)"]
[Site "?"]
[Date "1990.??.??"]
[Round "?"]
[White "Spooner, Frank"]
[Black "Triplett, Thomas"]
[Result "0-1"]
[WhiteElo "1800"]
[BlackElo "1940"]
[PlyCount "96"]
[EventDate "1990.??.??"]

1. Nf3 Nf6 2. c4 e6 3. g3 b6 4. Bg2 Bb7 5. O-O Be7 6. b3 O-O 7. Bb2 d6 8. d3
Nbd7 9. Nc3 Rb8 10. Qc2 h6 11. Rac1 c5 12. e4 Bc6 13. Rfe1 e5 14. Ba1 Re8 15.
a3 Nf8 16. b4 Ne6 17. b5 Bd7 18. Bb2 Rc8 19. a4 Qc7 20. Ne2 Nh7 21. Nc3 Nf6 22.
Ne2 Ra8 23. Ra1 Nd8 24. Nd2 Nb7 25. f4 Ng4 26. fxe5 dxe5 27. Nc3 Be6 28. Nf3
Bd6 29. Nd5 Bxd5 30. cxd5 Na5 31. Nd2 Be7 32. Bf3 Nf6 33. Nc4 Nxc4 34. dxc4 Bd8
35. Rad1 Qd6 36. Rf1 Bc7 37. Qf2 Re7 38. Bc1 Ne8 39. Bg4 Qd8 40. Bh5 Nd6 41.
Qe2 a6 42. Rf2 Qf8 43. Rdf1 axb5 44. axb5 Ra4 45. Qg4 Rxc4 46. Bxh6 Rxe4 47.
Bxf7+ Rxf7 48. Rxf7 Qxf7 0-1

[Event "Detroit (RVO/3)"]
[Site "?"]
[Date "1990.??.??"]
[Round "?"]
[White "Spencer, J."]
[Black "Moore, Robert"]
[Result "0-1"]
[WhiteElo "1605"]
[BlackElo "1735"]
[PlyCount "106"]
[EventDate "1990.??.??"]

1. d4 Nf6 2. e3 d6 3. c3 Nc6 4. Bd3 e5 5. f4 exf4 6. exf4 Be7 7. Nf3 O-O 8. O-O
Bg4 9. Nbd2 d5 10. Qe1 Nd7 11. Ne5 Ncxe5 12. fxe5 c5 13. Nf3 Bh5 14. Qg3 Qb6
15. Bg5 Bxg5 16. Nxg5 h6 17. Rf4 hxg5 18. Qxg5 Qh6 19. Qg3 g6 20. Raf1 Rae8 21.
Rh4 Kh8 22. Be2 Re6 23. Bxh5 gxh5 24. Rf5 Rg8 25. Qf3 Qc1+ 26. Kf2 Qxb2+ 27.
Ke1 Qb1+ 28. Kd2 Rxg2+ 29. Qxg2 Qxa2+ 30. Ke3 Qxg2 31. Rhxh5+ Kg7 32. Rfg5+
Qxg5+ 33. Rxg5+ Rg6 34. h4 Rxg5 35. hxg5 Kg6 36. dxc5 a5 37. Kd4 a4 38. c4 dxc4
39. Kxc4 Nxc5 40. Kb4 b5 41. Ka3 Kxg5 42. Ka2 b4 43. Kb1 Nd3 44. Ka2 b3+ 45.
Kb1 Kf4 46. Ka1 Ke3 47. Kb1 Kd2 48. Ka1 b2+ 49. Kb1 Kc3 50. e6 fxe6 51. Ka2 Kc2
52. Ka3 b1=Q 53. Kxa4 Qb4# 0-1

[Event "Detroit (RVO/5)"]
[Site "?"]
[Date "1990.??.??"]
[Round "?"]
[White "Spencer, J."]
[Black "Bezrutch, B."]
[Result "1-0"]
[WhiteElo "1605"]
[BlackElo "1780"]
[PlyCount "49"]
[EventDate "1990.??.??"]

1. d4 Nc6 2. c3 Nf6 3. e3 e5 4. f4 exd4 5. exd4 d5 6. Nf3 Bd6 7. Ne5 Bxe5 8.
fxe5 Ne4 9. Bf4 Bf5 10. Bd3 Ne7 11. O-O O-O 12. Bxe4 Bxe4 13. Nd2 Bd3 14. Rf3
Ng6 15. Rxd3 Nxf4 16. Rf3 Ng6 17. Rh3 c6 18. Qh5 h6 19. Rf1 Qe7 20. Rf6 c5 21.
g4 Nh8 22. g5 Rac8 23. gxh6 gxf6 24. h7+ Kg7 25. Qh6# 1-0

[Event "Detroit (RVO/2)"]
[Site "?"]
[Date "1990.??.??"]
[Round "?"]
[White "Spencer, J."]
[Black "Attaya, Jim"]
[Result "1-0"]
[WhiteElo "1605"]
[BlackElo "1605"]
[PlyCount "65"]
[EventDate "1990.??.??"]

1. d4 c5 2. e3 Nf6 3. c3 d5 4. f4 Bg4 5. Be2 Bxe2 6. Qxe2 e6 7. Nf3 Ne4 8. Nbd2
Nxd2 9. Bxd2 Be7 10. O-O O-O 11. Ne5 f6 12. Ng4 h5 13. Ne5 Qe8 14. Nf3 Na6 15.
Nh4 f5 16. Nf3 Nc7 17. Ne5 Nb5 18. Rf3 Bf6 19. Raf1 cxd4 20. exd4 Nd6 21. Rg3
Ne4 22. Rh3 g6 23. Rff3 Kh7 24. Be1 Rc8 25. Bh4 Rc7 26. Bxf6 Rxf6 27. Rh4 Kg8
28. Rfh3 Rh7 29. g4 fxg4 30. Nxg4 Rf5 31. Ne5 Rh6 32. Qg2 Nf6 33. Rg3 $138 1-0

[Event "Lansing (MI Am/2/35)"]
[Site "?"]
[Date "1990.??.??"]
[Round "?"]
[White "Solski, Jeff"]
[Black "Libby, Dan"]
[Result "1-0"]
[WhiteElo "1605"]
[BlackElo "1715"]
[PlyCount "61"]
[EventDate "1990.??.??"]

{2/(35)} 1. e4 d6 2. d4 Nf6 3. Nc3 g6 4. f3 Bg7 5. Be3 O-O 6. Qd2 Re8 7. O-O-O
c6 8. h4 b5 9. g4 h5 10. gxh5 Nxh5 11. Nh3 Ng3 12. Qg2 Nxh1 13. Qxh1 Bxh3 14.
Bxh3 Nd7 15. Bxd7 Qxd7 16. h5 e5 17. d5 c5 18. Rg1 b4 19. Ne2 a5 20. hxg6 fxg6
21. Rxg6 Re7 22. Bh6 Ra7 23. Ng3 Rf7 24. Nf5 Rxf5 25. Rxg7+ Qxg7 26. Bxg7 Rg5
27. Bf6 Rg6 28. Qh8+ Kf7 29. Qh7+ Kxf6 30. Qxa7 Rg3 31. Qxa5 1-0

[Event "Detroit (MI Op/3/4)"]
[Site "?"]
[Date "1990.??.??"]
[Round "?"]
[White "Solis, H."]
[Black "Repkin, Victor"]
[Result "1-0"]
[WhiteElo "2280"]
[BlackElo "2125"]
[PlyCount "85"]
[EventDate "1990.??.??"]

{3/(4)} 1. c4 Nf6 2. g3 g6 3. Bg2 Bg7 4. Nc3 O-O 5. d3 c5 6. e4 Nc6 7. Nge2 d6
8. h3 Bd7 9. O-O a6 10. Be3 Rb8 11. a4 Ne8 12. d4 cxd4 13. Nxd4 Nc7 14. Rc1 Ne6
15. Nb3 Ne5 16. Nd2 Nd3 17. Rb1 Nec5 18. Qc2 Qa5 19. Bxc5 Nxc5 20. b4 Bxa4 21.
Qc1 Nd3 22. bxa5 Nxc1 23. Rfxc1 Bd7 24. Nd5 e6 25. Nb6 Bc6 26. Nb3 Rbd8 27. Rd1
f5 28. exf5 Rxf5 29. g4 Rf7 30. Bxc6 bxc6 31. Nd4 Bxd4 32. Rxd4 Rf3 33. Rbd1 d5
34. cxd5 cxd5 35. R1d3 Rdf8 36. Nd7 R8f7 37. Rxf3 Rxf3 38. Nc5 Kf7 39. Ra4 Rxh3
40. Nxa6 d4 41. Nc5 Rc3 42. a6 d3 43. Nxd3 1-0

[Event "Detroit (MI Op/1a/6)"]
[Site "?"]
[Date "1990.??.??"]
[Round "?"]
[White "Solis, H."]
[Black "Johnson, Henry"]
[Result "1-0"]
[WhiteElo "2280"]
[BlackElo "1950"]
[PlyCount "103"]
[EventDate "1990.??.??"]

1. c4 Nf6 2. g3 g6 3. Bg2 Bg7 4. Nc3 c5 5. e3 e5 6. Nge2 Nc6 7. d4 O-O 8. O-O
d6 9. dxc5 dxc5 10. Bxc6 bxc6 11. Qxd8 Rxd8 12. f3 Be6 13. b3 Rd3 14. e4 Bh3
15. Rf2 Rad8 16. Ba3 Bf8 17. Re1 Rd2 18. Nc1 Rxf2 19. Kxf2 Rd2+ 20. Re2 Rxe2+
21. Kxe2 h5 22. Nd3 Nd7 23. Na4 f5 24. Naxc5 fxe4 25. fxe4 Bg4+ 26. Kf2 Kg7 27.
Nxd7 Bxa3 28. N7xe5 Bd1 29. Nxc6 Bc2 30. Ke2 Bb1 31. Kd2 a6 32. Ncb4 a5 33. Nd5
Bxa2 34. Kc3 g5 35. h4 Kg6 36. e5 gxh4 37. gxh4 Kf5 38. Ne3+ Ke6 39. Nc2 Be7
40. Nd4+ Kf7 41. Kb2 Bxb3 42. Kxb3 Bxh4 43. Nf4 Bf2 44. e6+ Ke8 45. Nc6 h4 46.
Nd5 Bc5 47. Nf6+ Kf8 48. Nd7+ Ke8 49. Nxc5 h3 50. Ne4 a4+ 51. Kxa4 Kf8 52. e7+
1-0

[Event "Detroit (MI Op/5/4)"]
[Site "?"]
[Date "1990.??.??"]
[Round "?"]
[White "Solis, H."]
[Black "Jarosz, Stan"]
[Result "1/2-1/2"]
[WhiteElo "2280"]
[BlackElo "2050"]
[PlyCount "62"]
[EventDate "1990.??.??"]

{5/(4)} 1. c4 e6 2. g3 d5 3. Bg2 Nf6 4. Nf3 Be7 5. O-O O-O 6. d4 Nbd7 7. Qc2 c6
8. Nbd2 b5 9. b3 bxc4 10. bxc4 Ba6 11. Rb1 Rb8 12. Bb2 Qc8 13. Rfc1 Nb6 14. Ne5
Nfd7 15. c5 Nxe5 16. cxb6 Nc4 17. Nxc4 Bxc4 18. bxa7 Ra8 19. a4 Rxa7 20. Ra1
Qd7 21. Ba3 Rfa8 22. Bb2 c5 23. dxc5 Bxc5 24. e4 Rxa4 25. Rxa4 Rxa4 26. exd5
exd5 27. Bxd5 Bxf2+ 28. Qxf2 Qxd5 29. Qd4 Qxd4+ 30. Bxd4 f6 31. Ra1 Rxa1+
1/2-1/2

[Event "Detroit (MI Op/7/1)"]
[Site "?"]
[Date "1990.??.??"]
[Round "?"]
[White "Solis, H."]
[Black "Basin, Leonid"]
[Result "0-1"]
[WhiteElo "2280"]
[BlackElo "2450"]
[PlyCount "82"]
[EventDate "1990.??.??"]

{7/(1)} 1. Nf3 Nf6 2. c4 e6 3. g3 d5 4. Bg2 Be7 5. O-O O-O 6. d4 c6 7. Qc2 b6
8. Nbd2 Bb7 9. e4 Na6 10. Rd1 Rc8 11. Qb1 c5 12. cxd5 exd5 13. e5 Ne4 14. Nf1
Nb4 15. a3 Nc6 16. dxc5 Bxc5 17. Be3 Re8 18. Bxc5 bxc5 19. Bh3 Rb8 20. Bf5 Nd4
21. Nxd4 cxd4 22. Qd3 Rxe5 23. Bh3 Ng5 24. Bg2 Ne6 25. Bh3 Qa5 26. b4 Qa4 27.
Bxe6 fxe6 28. Nd2 Rf5 29. h4 Qd7 30. f4 e5 31. fxe5 Rxe5 32. Re1 Re3 33. Rxe3
dxe3 34. Qxe3 d4 35. Qb3+ Bd5 36. Qd3 Qh3 37. Ne4 Bxe4 38. Qxe4 Qxg3+ 39. Kh1
d3 40. Rf1 d2 41. Qc4+ Kh8 0-1

[Event "Detroit (MOR/3/3)"]
[Site "?"]
[Date "1990.??.??"]
[Round "?"]
[White "Sobocinski, Mike"]
[Black "Wanshon, Kevin"]
[Result "1-0"]
[WhiteElo "1780"]
[BlackElo "1640"]
[PlyCount "93"]
[EventDate "1990.??.??"]

{3/(3)} 1. d4 c5 2. d5 Nf6 3. Nc3 g6 4. e4 d6 5. f4 Bg7 6. Nf3 b6 7. Bd3 Ba6 8.
Qe2 Bxd3 9. Qxd3 O-O 10. O-O a6 11. Rb1 b5 12. b3 Nbd7 13. Bb2 Nb6 14. h3 c4
15. Qe3 Nfd7 16. e5 b4 17. Ne2 c3 18. Bc1 Nxd5 19. Qe4 Qb6+ 20. Ned4 Nc7 21.
Kh2 d5 22. Qe2 e6 23. Be3 Qb7 24. g4 a5 25. h4 Ra6 26. Bc1 Rfa8 27. a4 Re8 28.
h5 gxh5 29. gxh5 Nc5 30. Qg2 Kf8 31. Rg1 Bh6 32. Qg8+ Ke7 33. Qxh7 Ne4 34. Qxh6
Raa8 35. Rg7 Qa6 36. f5 Rh8 37. f6+ Nxf6 38. Qxf6+ Kd7 39. Rxf7+ Kc8 40. Qxh8+
Kb7 41. Rxc7+ Kxc7 42. Qg7+ Kb8 43. Nb5 Qb6 44. Be3 Qb7 45. Qf8+ Qc8 46. Qd6+
Kb7 47. Qb6# 1-0

[Event "Lansing (Apr)"]
[Site "?"]
[Date "1990.??.??"]
[Round "?"]
[White "Sobocinski, Mike"]
[Black "Sundeen, David"]
[Result "1-0"]
[WhiteElo "1715"]
[BlackElo "1725"]
[PlyCount "43"]
[EventDate "1990.??.??"]

1. d4 d5 2. e4 dxe4 3. Nc3 Nf6 4. f3 exf3 5. Nxf3 e6 6. Bd3 Nc6 7. Bg5 h6 8.
Bxf6 Qxf6 9. Ne4 Qd8 10. c3 b6 11. O-O Bb7 12. Qe1 Qd7 13. b4 Bd6 14. Nxd6+
Qxd6 15. Qh4 Qe7 16. Qh5 O-O-O 17. b5 Nb8 18. Ne5 Rhf8 19. Qe2 Nd7 20. Nc6 Bxc6
21. bxc6 Nb8 22. Ba6+ 1-0

[Event "Detroit (MOR/7/5)"]
[Site "?"]
[Date "1990.??.??"]
[Round "?"]
[White "Sobocinski, Mike"]
[Black "Stockman, David"]
[Result "1-0"]
[WhiteElo "1780"]
[BlackElo "1680"]
[PlyCount "63"]
[EventDate "1990.??.??"]

{7/(5)} 1. d4 Nf6 2. Nc3 c5 3. d5 d6 4. e4 a6 5. Bg5 Nbd7 6. g3 Qa5 7. Bg2 b5
8. a3 g6 9. Nge2 Bg7 10. O-O Bb7 11. Qc1 h5 12. Nd1 O-O-O 13. Bd2 Qc7 14. c4
bxc4 15. Qxc4 Nb6 16. Qc2 Nfd7 17. Ba5 Rde8 18. Rc1 e6 19. dxe6 Rxe6 20. Nf4
Re7 21. Nd5 Bxd5 22. exd5 Rhe8 23. Bh3 Qb7 24. Qb3 Nxd5 25. Qxb7+ Kxb7 26. Bg2
N7f6 27. Nc3 Kc6 28. Rfd1 Re5 29. f4 Rf5 30. Bh3 Nxc3 31. Bxc3 Rd5 32. Bg2 1-0

[Event "Lansing (Mini-Swiss.4/1)"]
[Site "?"]
[Date "1990.??.??"]
[Round "?"]
[White "Sobocinski, Mike"]
[Black "Skidmore, Jennifer"]
[Result "1-0"]
[WhiteElo "1770"]
[BlackElo "1650"]
[PlyCount "81"]
[EventDate "1990.??.??"]

{4/(1)} 1. d4 d5 2. Nc3 e6 3. e4 dxe4 4. f3 exf3 5. Nxf3 Nc6 6. Bd3 Nf6 7. Bg5
Bb4 8. a3 Ba5 9. b4 Bb6 10. Bxf6 Qxf6 11. Ne4 Qd8 12. c3 Bd7 13. O-O O-O 14.
Nfg5 h6 15. Nf3 e5 16. b5 Ne7 17. Nxe5 Be6 18. Rf2 Nf5 19. Nc5 Nxd4 20. cxd4
Qxd4 21. Bh7+ Kxh7 22. Qxd4 Rad8 23. Qe4+ f5 24. Qc2 Bc8 25. Kh1 Rd5 26. Ned3
Kh8 27. Re2 f4 28. Ne6 Bxe6 29. Rxe6 Rxb5 30. Nxf4 Kg8 31. Rae1 Rbf5 32. g3 Ba5
33. R1e5 Rxe5 34. Rxe5 Bb6 35. Qc4+ Kh7 36. Qe4+ Kg8 37. Ng6 Rf1+ 38. Kg2 Rf2+
39. Kh3 Rf6 40. Re8+ Kf7 41. Rf8# 1-0

[Event "Lansing (Feb)"]
[Site "?"]
[Date "1990.??.??"]
[Round "?"]
[White "Sobocinski, Mike"]
[Black "Russell, K."]
[Result "1-0"]
[WhiteElo "1690"]
[BlackElo "1665"]
[PlyCount "51"]
[EventDate "1990.??.??"]

1. d4 Nf6 2. Nc3 g6 3. e4 d6 4. f4 e5 5. Nf3 Bg4 6. Be2 exd4 7. Nxd4 Bxe2 8.
Qxe2 c5 9. Nf3 Be7 10. O-O O-O 11. f5 Nc6 12. Nd5 Re8 13. fxg6 fxg6 14. Qc4
Nxd5 15. Qxd5+ Kg7 16. b3 Bf6 17. c3 Bxc3 18. Ng5 Re7 19. Rf7+ Kh8 20. Rb1 Qg8
21. Rxe7 Nxe7 22. Nf7+ Kg7 23. Bh6+ Kf6 24. Rf1+ Nf5 25. exf5 g5 26. Qe6# 1-0

[Event "Lansing (Jan)"]
[Site "?"]
[Date "1990.??.??"]
[Round "?"]
[White "Sobocinski, Mike"]
[Black "Rostrom, Richard"]
[Result "0-1"]
[WhiteElo "1715"]
[BlackElo "1720"]
[PlyCount "78"]
[EventDate "1990.??.??"]

1. Nf3 Nf6 2. d4 d5 3. e3 e6 4. Bd3 Be7 5. O-O O-O 6. Nbd2 Nbd7 7. a3 c5 8. c3
c4 9. Bc2 Nb6 10. e4 Bd7 11. Re1 Bc6 12. e5 Nfd7 13. Qe2 Ba4 14. b3 cxb3 15.
Nxb3 Qc7 16. Qd3 g6 17. Ng5 Qc4 18. Qh3 Bxg5 19. Bxg5 Bxb3 20. Bxb3 Qxb3 21.
Rab1 Qc4 22. Rxb6 axb6 23. Bf6 h5 24. g4 Rac8 25. Re3 Qb3 26. Rf3 Qb1+ 27. Kg2
Qe4 28. gxh5 Rxc3 29. hxg6 Qxf3+ 30. Qxf3 Rxf3 31. g7 Rxf6 32. gxf8=Q+ Kxf8 33.
exf6 Nxf6 34. Kf3 Kg7 35. Kf4 Kg6 36. a4 Ne4 37. Ke3 Nc3 38. Kf4 Nxa4 39. Ke5
b5 0-1

[Event "Lansing (Mini-Swiss.4/3)"]
[Site "?"]
[Date "1990.??.??"]
[Round "?"]
[White "Sobocinski, Mike"]
[Black "Rostrom, Richard"]
[Result "1/2-1/2"]
[WhiteElo "1720"]
[BlackElo "1685"]
[PlyCount "75"]
[EventDate "1990.??.??"]

{4/(3)} 1. d4 Nf6 2. Nc3 d6 3. e4 Nc6 4. Bg5 e6 5. Bb5 Bd7 6. Nf3 Be7 7. e5 Nd5
8. Nxd5 exd5 9. Bxe7 Qxe7 10. O-O O-O 11. Re1 Bg4 12. Bxc6 bxc6 13. exd6 Qxd6
14. Qd3 Bxf3 15. Qxf3 Rab8 16. Qc3 Rb5 17. a4 Rbb8 18. Rad1 Rfe8 19. b3 Re6 20.
Rxe6 Qxe6 21. Re1 Qd7 22. Re5 Re8 23. f4 f6 24. Rxe8+ Qxe8 25. Kf2 g6 26. Qe3
Qxe3+ 27. Kxe3 Kf7 28. g4 Ke6 29. Kd3 f5 30. g5 Kd6 31. b4 Ke6 32. c4 a6 33.
Kc3 Kd6 34. Kb3 Kd7 35. a5 Kd6 36. Kc3 Kd7 37. Kb3 Kd6 38. c5+ 1/2-1/2

[Event "Detroit (MOR/1a/5)"]
[Site "?"]
[Date "1990.??.??"]
[Round "?"]
[White "Sobocinski, Mike"]
[Black "Rosebrook, G."]
[Result "1-0"]
[WhiteElo "1780"]
[BlackElo "1605"]
[PlyCount "61"]
[EventDate "1990.??.??"]

1. d4 Nf6 2. Nc3 e6 3. e4 Nc6 4. Bg5 Be7 5. Nf3 d5 6. e5 Ne4 7. Bxe7 Qxe7 8. a3
Nxc3 9. bxc3 O-O 10. Bd3 a6 11. c4 Bd7 12. O-O Rad8 13. c3 Nb8 14. a4 Bc6 15.
c5 Nd7 16. Bc2 b6 17. Qd3 g6 18. cxb6 Nxb6 19. Qe3 f6 20. exf6 Qxf6 21. Ne5 Be8
22. Rfe1 Qg7 23. Ng4 Rd7 24. Qxe6+ Rdf7 25. Ne5 Qf6 26. Nxf7 Qxe6 27. Nh6+ Kg7
28. Rxe6 Kxh6 29. Rae1 Bd7 30. Re7 Rc8 31. a5 1-0

[Event "Detroit (MOR/5/5)"]
[Site "?"]
[Date "1990.??.??"]
[Round "?"]
[White "Sobocinski, Mike"]
[Black "Lewis, James"]
[Result "0-1"]
[WhiteElo "1780"]
[BlackElo "1720"]
[PlyCount "86"]
[EventDate "1990.??.??"]

{5/(5)} 1. d4 Nf6 2. Nc3 g6 3. e4 d6 4. Nf3 Bg7 5. Bc4 O-O 6. O-O Nbd7 7. a3 a6
8. b4 b5 9. Bb3 Bb7 10. Re1 Rc8 11. e5 dxe5 12. dxe5 Ng4 13. Bb2 Ngxe5 14. Nxe5
Bxe5 15. Qe2 c5 16. Bd5 Bxc3 17. Bxb7 Bxb2 18. Bxc8 Qxc8 19. Ra2 Bf6 20. c4 Bc3
21. Rc1 cxb4 22. cxb5 a5 23. axb4 axb4 24. Qxe7 Re8 25. Qg5 Nc5 26. h4 Re5 27.
Qf4 Nd3 28. Qf3 Nxc1 29. Ra8 Re1+ 30. Kh2 Be5+ 31. g3 Bb8 32. Qf4 Re8 33. Rxb8
Qxb8 34. Qxb4 Nd3 35. Qb1 Nxf2 36. Qf1 Ng4+ 37. Kh3 h5 38. b6 Qxb6 39. Qa1 Qe6
40. Qa2 Nf2+ 41. Kg2 Qxa2 42. g4 Nd1+ 43. Kf3 Qf2# 0-1

[Event "Lansing (Feb)"]
[Site "?"]
[Date "1990.??.??"]
[Round "?"]
[White "Sobocinski, J."]
[Black "Winslow, D."]
[Result "1-0"]
[WhiteElo "1690"]
[BlackElo "1645"]
[PlyCount "67"]
[EventDate "1990.??.??"]

1. d4 Nf6 2. Nc3 e6 3. e4 d5 4. Bg5 Be7 5. e5 Nfd7 6. Bxe7 Qxe7 7. Nf3 c5 8.
Nb5 Na6 9. Nd6+ Kf8 10. c3 Nc7 11. Bd3 Ne8 12. Qd2 Nxd6 13. exd6 Qxd6 14. Qg5
Qe7 15. Qe3 c4 16. Bc2 b5 17. g4 b4 18. O-O a5 19. Rae1 Ba6 20. Ba4 Nb6 21. Bc2
b3 22. Bb1 Re8 23. a3 f6 24. Nh4 g5 25. Nf3 Kf7 26. h4 h5 27. hxg5 hxg4 28. g6+
Kg7 29. Nh2 Rh3 30. Qf4 f5 31. Bxf5 Qf6 32. Qxg4 Qxf5 33. Qxf5 exf5 34. Rxe8
$138 1-0

[Event "Lansing (Mini-Swiss.3/2)"]
[Site "?"]
[Date "1990.??.??"]
[Round "?"]
[White "Sobocinski, D."]
[Black "Asbury, Victor"]
[Result "1-0"]
[WhiteElo "1780"]
[BlackElo "1605"]
[PlyCount "99"]
[EventDate "1990.??.??"]

{3/(2)} 1. d4 Nf6 2. Nc3 c5 3. d5 e6 4. Bg5 g6 5. e4 e5 6. d6 Bg7 7. Nf3 Nc6 8.
Bc4 Qb6 9. Bxf6 Bxf6 10. O-O Nd4 11. Nxd4 cxd4 12. Nb5 O-O 13. Qf3 Bg7 14. Nc7
Rb8 15. Ne8 Qd8 16. Nxg7 Kxg7 17. Qg3 f6 18. f4 b5 19. Bb3 Bb7 20. fxe5 Bxe4
21. exf6+ Rxf6 22. Qe5 Bf5 23. Rae1 Qf8 24. g4 Bxg4 25. Qe7+ Qxe7 26. Rxe7+ Kh6
27. Rxf6 Kg5 28. Rff7 Rb6 29. Rxh7 Rxd6 30. Ref7 Rf6 31. h4+ Kf5 32. Rxf6+ Kxf6
33. Rf7+ Ke5 34. Kf2 Be6 35. Bxe6 dxe6 36. Rxa7 Kf5 37. Ra5 Kg4 38. Rxb5 Kxh4
39. Rb6 g5 40. Rxe6 g4 41. Re4 Kh3 42. Rxd4 g3+ 43. Kg1 g2 44. a4 Kg3 45. a5
Kf3 46. a6 Ke3 47. c3 Ke2 48. a7 Ke1 49. a8=Q Ke2 50. Qe4# 1-0

[Event "Detroit (MI Op/3/37)"]
[Site "?"]
[Date "1990.??.??"]
[Round "?"]
[White "Sobh, Hassan"]
[Black "Thurman, John"]
[Result "1-0"]
[WhiteElo "1850"]
[BlackElo "1740"]
[PlyCount "113"]
[EventDate "1990.??.??"]

{3/(37)} 1. e4 c6 2. d4 d5 3. exd5 cxd5 4. Bd3 Nc6 5. c3 Nf6 6. Bf4 e6 7. Nf3
Bd6 8. Bxd6 Qxd6 9. O-O O-O 10. Re1 Bd7 11. Ne5 Rfc8 12. Nd2 Be8 13. Nf1 Nd7
14. Qh5 Nf8 15. Qd1 f6 16. Nf3 Bg6 17. Bxg6 Nxg6 18. Qe2 Re8 19. Rad1 Na5 20.
Qc2 Rac8 21. Ne3 b5 22. b4 Nc4 23. Nxc4 Rxc4 24. Nd2 Rc7 25. Nb3 Qxb4 26. Nc5
Rxc5 27. dxc5 Qxc5 28. Qd2 Kf7 29. Qd4 Rc8 30. Qe3 Qxe3 31. Rxe3 Rc4 32. Rd4
Ne5 33. f4 Rxd4 34. cxd4 Nc6 35. Rd3 Kg6 36. g4 a5 37. Kf2 Kf7 38. h4 Ke7 39.
Ke3 Kd6 40. Rd1 e5 41. fxe5+ fxe5 42. dxe5+ Kxe5 43. Rc1 d4+ 44. Kf3 Kd5 45. h5
Ne5+ 46. Kg3 d3 47. g5 Kd4 48. Kf2 Nc4 49. h6 g6 50. Rb1 b4 51. Ke1 Kc3 52.
Rc1+ Kb2 53. Rxc4 Kxa2 54. Rc7 a4 55. Rxh7 b3 56. Rb7 b2 57. h7 1-0

[Event "Detroit (MI Op/7/28)"]
[Site "?"]
[Date "1990.??.??"]
[Round "?"]
[White "Sobh, Hassan"]
[Black "Santiago, Reynaldo"]
[Result "0-1"]
[WhiteElo "1850"]
[BlackElo "2000"]
[PlyCount "46"]
[EventDate "1990.??.??"]

{7/(28)} 1. e4 c5 2. Nf3 Nf6 3. d3 d5 4. exd5 Nxd5 5. Nc3 Bg4 6. Be2 Nc6 7. O-O
e6 8. Ne5 Nxe5 9. Bxg4 Nf6 10. Bf3 Qd7 11. Re1 Nxf3+ 12. Qxf3 Be7 13. Ne4 O-O
14. b3 Nxe4 15. dxe4 c4 16. Bb2 Qc6 17. Qe3 Rac8 18. bxc4 Qxc4 19. Qb3 Qxc2 20.
Qxb7 Bc5 21. Qb5 Qxf2+ 22. Kh1 Rb8 23. Qd7 Rxb2 0-1

[Event "Detroit (MI Op/1b/6)"]
[Site "?"]
[Date "1990.??.??"]
[Round "?"]
[White "Sobh, Hassan"]
[Black "Moody, David"]
[Result "1/2-1/2"]
[WhiteElo "1850"]
[BlackElo "2105"]
[PlyCount "76"]
[EventDate "1990.??.??"]

1. e4 e5 2. Nf3 Nc6 3. Bb5 a6 4. Ba4 Nf6 5. O-O Be7 6. Re1 b5 7. Bb3 O-O 8. c3
d5 9. exd5 Nxd5 10. Nxe5 Nxe5 11. Rxe5 c6 12. d4 Bd6 13. Re1 Qh4 14. g3 Qh3 15.
Be3 Bg4 16. Qd3 Rae8 17. Nd2 Re6 18. Bxd5 cxd5 19. a4 bxa4 20. c4 dxc4 21. Nxc4
Bb4 22. Bd2 Bxd2 23. Nxd2 Rh6 24. Nf1 Bd7 25. Qf3 Bb5 26. Qg2 Qd7 27. Rad1 Rd6
28. d5 Bxf1 29. Rxf1 Rb8 30. Rd2 Rb5 31. Re1 f6 32. Qe4 Rbxd5 33. Qc4 Qb5 34.
Qc8+ Kf7 35. Rxd5 Rxd5 36. Qe6+ Kf8 37. Qe7+ Kg8 38. Qe6+ Kf8 1/2-1/2

[Event "Detroit (MI Op/4/24)"]
[Site "?"]
[Date "1990.??.??"]
[Round "?"]
[White "Sobh, Hassan"]
[Black "Calton, Bill"]
[Result "1/2-1/2"]
[WhiteElo "1850"]
[BlackElo "2050"]
[PlyCount "29"]
[EventDate "1990.??.??"]

{4/(24)} 1. e4 Nf6 2. Nc3 d5 3. exd5 Nxd5 4. Nxd5 Qxd5 5. d4 e5 6. Be3 exd4 7.
Qxd4 Qxd4 8. Bxd4 Nc6 9. Bb5 Bd7 10. Nf3 Nxd4 11. Nxd4 O-O-O 12. O-O-O Bc5 13.
Bc4 Bg4 14. f3 Bh5 15. Nf5 1/2-1/2

[Event "Detroit (MOR/2/10)"]
[Site "?"]
[Date "1990.??.??"]
[Round "?"]
[White "Smith, Robert"]
[Black "Vaka, Flamur"]
[Result "0-1"]
[WhiteElo "1740"]
[BlackElo "1605"]
[PlyCount "92"]
[EventDate "1990.??.??"]

{2/(10)} 1. d4 Nf6 2. c4 g6 3. Nc3 Bg7 4. e4 d6 5. Bd3 Nbd7 6. Nf3 c5 7. d5 Ng4
8. h3 Nge5 9. b3 Qa5 10. Bb2 Nxf3+ 11. gxf3 Bxc3+ 12. Bxc3 Qxc3+ 13. Ke2 Qf6
14. Qd2 Ne5 15. Qe3 a6 16. Bc2 b5 17. f4 Nd7 18. Bd3 b4 19. h4 Nb6 20. e5 dxe5
21. fxe5 Qg7 22. Rag1 Nd7 23. f4 Bb7 24. h5 e6 25. hxg6 hxg6 26. Rxh8+ Qxh8 27.
dxe6 Qh2+ 28. Kf1 fxe6 29. Bxg6+ Ke7 30. Be4 Bxe4 31. Qxe4 Rf8 32. Rg7+ Rf7 33.
Rxf7+ Kxf7 34. Qe3 Qxa2 35. Qh3 Qb1+ 36. Kf2 Qf5 37. Qe3 Qc2+ 38. Kf3 Qc3 39.
Qxc3 bxc3 40. Ke3 Kg6 41. Kd3 Kf5 42. Kxc3 a5 43. Kb2 Kxf4 44. Ka3 Nb6 45. Kb2
Kxe5 46. Kc2 Kd4 0-1

[Event "Detroit (MOR/4/30)"]
[Site "?"]
[Date "1990.??.??"]
[Round "?"]
[White "Smith, Robert"]
[Black "Garant, B."]
[Result "0-1"]
[WhiteElo "1740"]
[BlackElo "1605"]
[PlyCount "56"]
[EventDate "1990.??.??"]

{4/(30)} 1. d4 d5 2. c4 c6 3. Nc3 Nf6 4. cxd5 cxd5 5. Bg5 e6 6. e3 Be7 7. Bd3
h6 8. Bh4 Nbd7 9. Nf3 b6 10. O-O Bb7 11. Qa4 O-O 12. Rac1 a6 13. Rc2 b5 14. Qb3
Rc8 15. Rfc1 Nb6 16. a4 b4 17. Na2 Rxc2 18. Rxc2 a5 19. Bb5 Ne4 20. Bxe7 Qxe7
21. Qd3 Nd6 22. Bc6 Rc8 23. Ne5 Bxc6 24. Rxc6 Rxc6 25. Nxc6 Qd7 26. Nxa5 Qxa4
27. Qb3 Qxa5 28. Qxb4 Qxa2 0-1

[Event "Flint (Class B/1)"]
[Site "?"]
[Date "1990.??.??"]
[Round "?"]
[White "Smith, Robert"]
[Black "Franklin, Stan"]
[Result "1/2-1/2"]
[WhiteElo "1720"]
[BlackElo "1645"]
[PlyCount "109"]
[EventDate "1990.??.??"]

1. d4 Nf6 2. c4 d5 3. Nc3 g6 4. cxd5 Nxd5 5. e3 Bg7 6. Bc4 Nxc3 7. bxc3 b6 8.
Qf3 O-O 9. Qxa8 Bd7 10. Ba3 Bc6 11. Qxa7 Bxg2 12. f3 Bxh1 13. Qb7 Qd7 14. Qd5
Qxd5 15. Bxd5 Rd8 16. Be4 c5 17. Kf2 cxd4 18. cxd4 Rxd4 19. Rc1 Rd8 20. Bxe7
Re8 21. Rc7 Be5 22. Ra7 Bxh2 23. Ne2 h5 24. Ng3 Bxg3+ 25. Kxg3 Na6 26. Ra8 Rxa8
27. Bxa8 Nc7 28. Be4 f5 29. Bc6 Ne6 30. Kh2 Kf7 31. Bb4 Bxf3 32. Bxf3 h4 33.
Bd5 g5 34. Kh3 Kf6 35. Bc3+ Ke7 36. Be5 b5 37. a3 Nc5 38. Bc6 Nd3 39. Bxb5 Nxe5
40. a4 Kd8 41. a5 Kc7 42. Be2 Ng6 43. Bh5 Ne5 44. Be2 Nc6 45. Bd3 Ne7 46. Bc2
Nd5 47. Bxf5 Nxe3 48. Be6 Kb7 49. Kh2 Ka6 50. Kg1 Kxa5 51. Kf2 Nc2 52. Bh3 Kb4
53. Kf3 Nd4+ 54. Kg4 Ne6 55. Kh5 1/2-1/2

[Event "Flint (Class B/3)"]
[Site "?"]
[Date "1990.??.??"]
[Round "?"]
[White "Smith, Robert"]
[Black "Foord, Allan"]
[Result "1-0"]
[WhiteElo "1720"]
[BlackElo "1680"]
[PlyCount "25"]
[EventDate "1990.??.??"]

1. d4 Nf6 2. c4 g6 3. Nc3 d5 4. cxd5 Nxd5 5. e3 Bg7 6. Bc4 Be6 7. Qb3 Nb6 8.
Bxe6 fxe6 9. Qxe6 N8d7 10. Nf3 a6 11. Ng5 Rf8 12. Nxh7 Rh8 13. Qxg6# 1-0

[Event "Flint (Class B/4)"]
[Site "?"]
[Date "1990.??.??"]
[Round "?"]
[White "Smith, Robert"]
[Black "Collins, Charles"]
[Result "0-1"]
[WhiteElo "1720"]
[BlackElo "1790"]
[PlyCount "86"]
[EventDate "1990.??.??"]

1. d4 Nf6 2. c4 c5 3. d5 b5 4. cxb5 a6 5. bxa6 Bxa6 6. Nf3 d6 7. Nc3 g6 8. g3
Bg7 9. Bg2 O-O 10. O-O Nbd7 11. Re1 Qc7 12. Rb1 Rfb8 13. b3 Ng4 14. Bb2 Nge5
15. Nxe5 Nxe5 16. Qc2 Rb7 17. Ne4 Rab8 18. f4 Ng4 19. Bxg7 Kxg7 20. Ng5 c4 21.
Bf3 Qc5+ 22. e3 Nf6 23. Qd2 cxb3 24. Rec1 bxa2 25. Qxa2 Qxe3+ 26. Kg2 Rxb1 27.
Rxb1 Rxb1 28. Qxb1 Qd2+ 29. Kg1 Bd3 30. Qa1 h6 31. Nh3 Qe3+ 32. Kg2 Be4 33.
Bxe4 Qxe4+ 34. Kg1 Qxd5 35. Nf2 Kh7 36. Qa7 Qe6 37. Qb7 d5 38. Kg2 Qe2 39. Kg1
d4 40. Qb3 e6 41. Qb7 Kg7 42. Qb3 Ne4 43. Nd3 Qe3+ 0-1